[Event "15MCR_F"]
[Site "?"]
[Date "2001.??.??"]
[Round "?"]
[White "Vaindl, Jaroslav"]
[Black "Doudera, Lubomir"]
[Result "1/2-1/2"]
[WhiteElo "2325"]
[BlackElo "2240"]
[PlyCount "75"]
[EventDate "2001.??.??"]
[EventType "corr"]
[Source "Chess Mail Ltd"]
[SourceDate "2005.07.27"]

1. d4 d5 2. Nf3 Nf6 3. c4 c6 4. Nc3 dxc4 5. a4 Bf5 6. Ne5 e6 7. f3 Bb4 8. e4
Bxe4 9. fxe4 Nxe4 10. Bd2 Qxd4 11. Nxe4 Qxe4+ 12. Qe2 Bxd2+ 13. Kxd2 Qd5+ 14.
Kc2 Na6 15. Nxc4 O-O-O 16. Qe3 Nb4+ 17. Kb3 c5 18. Rc1 Nc6 19. Ka3 e5 20. Na5
Nd4 21. Qg5 Rd7 22. Qxg7 Rhd8 23. Qxh7 b6 24. Nc4 f5 25. Qg6 e4 26. Qh6 Re7 27.
Qe3 Kb7 28. g3 a6 29. Qc3 Qe6 30. b3 Kb8 31. Kb2 e3 32. Re1 e2 33. Bg2 Qf6 34.
Ka2 b5 35. Qa5 Re6 36. Rb1 Rd7 37. Rhc1 Qd8 38. Qxd8+ 1/2-1/2

[Event "15MCR_F"]
[Site "?"]
[Date "2001.??.??"]
[Round "?"]
[White "Foukal, Zdenek"]
[Black "Straka, Zdenek"]
[Result "0-1"]
[WhiteElo "2335"]
[BlackElo "2355"]
[PlyCount "60"]
[EventDate "2001.??.??"]
[EventType "corr"]
[Source "Chess Mail Ltd"]
[SourceDate "2005.07.27"]

1. d4 d5 2. c4 e6 3. Nc3 c6 4. Nf3 dxc4 5. a4 Bb4 6. e4 b5 7. Be2 Bb7 8. O-O a6
9. Bg5 Be7 10. Bxe7 Nxe7 11. e5 O-O 12. Ne4 Nd7 13. Nd6 Rb8 14. Qc2 c5 15. dxc5
Bxf3 16. Bxf3 Qc7 17. axb5 axb5 18. Be4 h6 19. f4 Nxc5 20. g3 Nc8 21. Rfd1 f5
22. Bf3 Rd8 23. Nxc8 Rbxc8 24. Qe2 Rxd1+ 25. Rxd1 Nd3 26. Kf1 Qc5 27. Ra1 Qd4
28. Rb1 g5 29. fxg5 hxg5 30. Qd2 f4 0-1

[Event "15MCR_F"]
[Site "?"]
[Date "2001.??.??"]
[Round "?"]
[White "Kadlec, Antonin"]
[Black "Vavrla, Zdenek"]
[Result "1-0"]
[WhiteElo "2375"]
[BlackElo "2320"]
[PlyCount "51"]
[EventDate "2001.??.??"]
[EventType "corr"]
[Source "Chess Mail Ltd"]
[SourceDate "2005.07.27"]

1. d4 d5 2. Nf3 c6 3. c4 e6 4. Nc3 dxc4 5. a4 Bb4 6. Qc2 Nf6 7. e4 Qa5 8. Bd2
b5 9. Be2 Qb6 10. O-O Be7 11. axb5 cxb5 12. e5 Nd5 13. b3 Bb7 14. bxc4 bxc4 15.
Na4 Qc6 16. Rfc1 Ba6 17. Nc5 Bb5 18. Bxc4 Bxc4 19. Qxc4 O-O 20. Qd3 h6 21. Qe4
Nd7 22. Qg4 Kh8 23. Qh3 Kh7 24. Ne4 Qb7 25. Rab1 Qc6 26. Rxc6 1-0

[Event "15MCR_F"]
[Site "?"]
[Date "2001.??.??"]
[Round "?"]
[White "Ridky, Vladimir"]
[Black "Vavrla, Zdenek"]
[Result "1/2-1/2"]
[WhiteElo "2275"]
[BlackElo "2320"]
[PlyCount "45"]
[EventDate "2001.??.??"]
[EventType "corr"]
[Source "Chess Mail Ltd"]
[SourceDate "2005.07.27"]

1. d4 d5 2. c4 e6 3. Nc3 c6 4. Nf3 dxc4 5. a4 Bb4 6. e3 b5 7. Bd2 a5 8. axb5
Bxc3 9. Bxc3 cxb5 10. b3 Bb7 11. bxc4 b4 12. Bb2 Nf6 13. Bd3 Nbd7 14. Qc2 O-O
15. O-O Qc7 16. c5 Bc6 17. Ne5 Nxe5 18. dxe5 Nd7 19. Bxh7+ Kh8 20. Bd3 Nxe5 21.
Qe2 Nxd3 22. Bxg7+ Kxg7 23. Qg4+ 1/2-1/2

[Event "15MCR_F"]
[Site "?"]
[Date "2001.??.??"]
[Round "?"]
[White "Hybl, Jaroslav"]
[Black "Trexler, Evzen"]
[Result "1/2-1/2"]
[WhiteElo "2420"]
[BlackElo "2350"]
[PlyCount "40"]
[EventDate "2001.??.??"]
[EventType "corr"]
[Source "Chess Mail Ltd"]
[SourceDate "2005.07.27"]

1. d4 Nf6 2. c4 e6 3. Nc3 d5 4. cxd5 exd5 5. Bg5 Be7 6. e3 c6 7. Bd3 Nbd7 8.
Qc2 O-O 9. Nf3 Re8 10. O-O Nf8 11. Rab1 h6 12. Bf4 Nh5 13. Bg3 Nxg3 14. hxg3 a5
15. a3 Bd6 16. Na4 Nd7 17. Nc5 Bxc5 18. dxc5 a4 19. Bh7+ Kh8 20. Bf5 Ra5
1/2-1/2

[Event "15MCR_F"]
[Site "?"]
[Date "2001.??.??"]
[Round "?"]
[White "Foukal, Zdenek"]
[Black "Rybak, Milan"]
[Result "0-1"]
[WhiteElo "2335"]
[BlackElo "2410"]
[PlyCount "106"]
[EventDate "2001.??.??"]
[EventType "corr"]
[Source "Chess Mail Ltd"]
[SourceDate "2005.07.27"]

1. d4 Nf6 2. c4 e6 3. Nc3 d5 4. cxd5 Nxd5 5. e4 Nxc3 6. bxc3 c5 7. Nf3 cxd4 8.
cxd4 Bb4+ 9. Bd2 Bxd2+ 10. Qxd2 O-O 11. Bc4 Nc6 12. O-O b6 13. Rfd1 Bb7 14.
Rac1 Ne7 15. Qd3 Ng6 16. Rc2 Rc8 17. Rdc1 Qd6 18. g3 Rc7 19. Ba6 Rxc2 20. Rxc2
Ba8 21. Qe2 Ne7 22. Bc4 h6 23. Bb3 Nc6 24. Rd2 Na5 25. Bc2 Rc8 26. Bd3 Bb7 27.
Rd1 Qb4 28. h3 Qc3 29. Kg2 Nc4 30. Bxc4 Qxc4 31. Qxc4 Rxc4 32. d5 exd5 33. exd5
Rc3 34. Nh4 g6 35. Kf1 Bc8 36. Kg2 Kf8 37. Nf3 Bxh3+ 38. Kxh3 Rxf3 39. Kg2 Ra3
40. d6 Ke8 41. Rd2 Kd7 42. g4 b5 43. f3 Ra6 44. Rb2 Rb6 45. f4 Kxd6 46. Kf3 b4
47. Rh2 a5 48. Rxh6 a4 49. Ke2 b3 50. axb3 axb3 51. Rh1 b2 52. Rb1 Kd5 53. Kd3
f6 0-1

[Event "15MCR_F"]
[Site "?"]
[Date "2001.??.??"]
[Round "?"]
[White "Straka, Zdenek"]
[Black "Rybak, Milan"]
[Result "1/2-1/2"]
[WhiteElo "2355"]
[BlackElo "2410"]
[PlyCount "57"]
[EventDate "2001.??.??"]
[EventType "corr"]
[Source "Chess Mail Ltd"]
[SourceDate "2005.07.27"]

1. d4 Nf6 2. c4 e6 3. Nc3 d5 4. Nf3 c5 5. cxd5 Nxd5 6. e4 Nxc3 7. bxc3 cxd4 8.
cxd4 Bb4+ 9. Bd2 Bxd2+ 10. Qxd2 O-O 11. Bc4 Nc6 12. O-O b6 13. Rad1 Bb7 14.
Rfe1 Ne7 15. d5 exd5 16. exd5 Nf5 17. Ne5 Nd6 18. Nc6 Qf6 19. Bf1 Rfe8 20. Qb4
g6 21. Rxe8+ Rxe8 22. Nxa7 Ne4 23. Qe1 Kg7 24. Nb5 Re5 25. Rd4 Nd6 26. Qd1 Nxb5
27. Bxb5 Re1+ 28. Qxe1 Qxd4 29. Bc6 1/2-1/2

[Event "15MCR_F"]
[Site "?"]
[Date "2001.??.??"]
[Round "?"]
[White "Svoboda, Frantisek"]
[Black "Ridky, Vladimir"]
[Result "1/2-1/2"]
[WhiteElo "2420"]
[BlackElo "2275"]
[PlyCount "86"]
[EventDate "2001.??.??"]
[EventType "corr"]
[Source "Chess Mail Ltd"]
[SourceDate "2005.07.27"]

1. c4 c6 2. Nc3 d5 3. d4 Nf6 4. Nf3 e6 5. e3 Nbd7 6. Qc2 Bd6 7. Be2 O-O 8. O-O
Re8 9. b3 Qe7 10. Rd1 b6 11. e4 Nxe4 12. Nxe4 dxe4 13. Qxe4 Bb7 14. Bf4 Nf6 15.
Bxd6 Qxd6 16. Qe3 c5 17. dxc5 Qxc5 18. Qxc5 bxc5 19. Ne5 Red8 20. Nd3 Rdc8 21.
g4 h6 22. f4 g5 23. Rf1 Kg7 24. Bf3 Bxf3 25. Rxf3 Nd7 26. Raf1 Rf8 27. Re3 Rfc8
28. fxg5 hxg5 29. Rd1 Rc7 30. Nf2 a5 31. Ne4 Kg6 32. Nc3 Nf6 33. h3 Rd7 34.
Rxd7 Nxd7 35. Rd3 Ne5 36. Rd1 Ra7 37. Rd6 Rd7 38. Ne4 Rxd6 39. Nxd6 Nd3 40. Nb7
Kf6 41. Kf1 Ke5 42. Nxa5 Kd6 43. Ke2 Ne5 1/2-1/2

[Event "15MCR_F"]
[Site "?"]
[Date "2001.??.??"]
[Round "?"]
[White "Vaindl, Jaroslav"]
[Black "Trexler, Evzen"]
[Result "1/2-1/2"]
[WhiteElo "2325"]
[BlackElo "2350"]
[PlyCount "69"]
[EventDate "2001.??.??"]
[EventType "corr"]
[Source "Chess Mail Ltd"]
[SourceDate "2005.07.27"]

1. d4 Nf6 2. c4 e6 3. Nc3 d5 4. Nf3 c6 5. e3 Nbd7 6. Qc2 Bd6 7. Bd3 O-O 8. O-O
dxc4 9. Bxc4 b5 10. Bb3 Bb7 11. e4 e5 12. Rd1 exd4 13. Nxd4 Qb8 14. g3 Nc5 15.
Nf5 Be5 16. Be3 Nxb3 17. axb3 Re8 18. Bc5 Qc7 19. b4 Bc8 20. Bd6 Bxd6 21. Nxd6
Re7 22. e5 Ne8 23. Qe4 Rb8 24. Rac1 a6 25. Qf4 Be6 26. Nce4 h6 27. Nc5 Bc8 28.
Rc3 Ra8 29. Rcd3 Be6 30. Ra3 f6 31. Qf3 fxe5 32. Nf5 Bxf5 33. Qxf5 Nf6 34. Rxa6
Rf8 35. Rda1 1/2-1/2

[Event "15MCR_F"]
[Site "?"]
[Date "2001.??.??"]
[Round "?"]
[White "Kadlec, Antonin"]
[Black "Ridky, Vladimir"]
[Result "1/2-1/2"]
[WhiteElo "2375"]
[BlackElo "2275"]
[PlyCount "69"]
[EventDate "2001.??.??"]
[EventType "corr"]
[Source "Chess Mail Ltd"]
[SourceDate "2005.07.27"]

1. d4 d5 2. Nf3 Nf6 3. c4 c6 4. Nc3 e6 5. e3 Nbd7 6. Bd3 dxc4 7. Bxc4 b5 8. Bd3
Bb7 9. O-O a6 10. e4 c5 11. d5 Qc7 12. dxe6 fxe6 13. Bc2 Bd6 14. Ng5 Nf8 15. f4
O-O-O 16. Qe1 e5 17. Nd5 Bxd5 18. exd5 exf4 19. a4 b4 20. Qe2 Kb7 21. Bd3 a5
22. Bb5 h6 23. Ne6 Nxe6 24. dxe6 g5 25. Re1 Ka7 26. b3 g4 27. Ra2 Rdf8 28. Qd3
Qe7 29. Rd1 Bc7 30. Rad2 Rd8 31. Qg6 Rxd2 32. Rxd2 Rg8 33. Qf7 Rg7 34. Qxe7
Rxe7 35. Rd1 1/2-1/2

[Event "15MCR_F"]
[Site "?"]
[Date "2001.??.??"]
[Round "?"]
[White "Foukal, Zdenek"]
[Black "Hybl, Vladislav"]
[Result "1/2-1/2"]
[WhiteElo "2335"]
[BlackElo "2240"]
[PlyCount "74"]
[EventDate "2001.??.??"]
[EventType "corr"]
[Source "Chess Mail Ltd"]
[SourceDate "2005.07.27"]

1. c4 c6 2. d4 d5 3. Nc3 Nf6 4. Nf3 e6 5. Bg5 Nbd7 6. cxd5 exd5 7. e3 Qa5 8.
Qc2 Ne4 9. Bd3 Nxg5 10. Nxg5 h6 11. Nf3 Bd6 12. O-O Nf6 13. Rfc1 O-O 14. a3 a6
15. h3 Re8 16. b4 Qc7 17. Rab1 Bd7 18. a4 Rac8 19. Qb2 Qd8 20. b5 axb5 21. axb5
Ne4 22. Bxe4 dxe4 23. Nd2 Bf5 24. bxc6 bxc6 25. Nc4 Bc7 26. Qb4 Qh4 27. Qc5
Bxh3 28. gxh3 Qxh3 29. Ne5 f6 30. Qc4+ Kh8 31. Ng6+ Kh7 32. Nf4 Bxf4 33. exf4
e3 34. Nd1 Qg4+ 35. Kh1 e2 36. Ne3 Qf3+ 37. Kg1 Rxe3 1/2-1/2

[Event "15MCR_F"]
[Site "?"]
[Date "2001.??.??"]
[Round "?"]
[White "Straka, Zdenek"]
[Black "Trexler, Evzen"]
[Result "1/2-1/2"]
[WhiteElo "2355"]
[BlackElo "2350"]
[PlyCount "39"]
[EventDate "2001.??.??"]
[EventType "corr"]
[Source "Chess Mail Ltd"]
[SourceDate "2005.07.27"]

1. d4 Nf6 2. c4 e6 3. Nc3 d5 4. Bg5 c6 5. e3 Nbd7 6. Nf3 Qa5 7. Nd2 Bb4 8. Qc2
O-O 9. Be2 dxc4 10. Bxf6 Nxf6 11. Nxc4 Qc7 12. a3 Be7 13. b4 b6 14. O-O Ba6 15.
Rfe1 c5 16. dxc5 bxc5 17. b5 Bb7 18. Red1 Rfd8 19. Rac1 Rxd1+ 20. Rxd1 1/2-1/2

[Event "15MCR_F"]
[Site "?"]
[Date "2001.??.??"]
[Round "?"]
[White "Hybl, Jaroslav"]
[Black "Kadlec, Antonin"]
[Result "1/2-1/2"]
[WhiteElo "2420"]
[BlackElo "2375"]
[PlyCount "49"]
[EventDate "2001.??.??"]
[EventType "corr"]
[Source "Chess Mail Ltd"]
[SourceDate "2005.07.27"]

1. d4 d5 2. c4 e6 3. Nc3 Nf6 4. Bg5 Be7 5. e3 O-O 6. Nf3 h6 7. Bh4 b6 8. Be2
Bb7 9. Bxf6 Bxf6 10. cxd5 exd5 11. b4 c6 12. O-O Re8 13. Qb3 a5 14. a3 Nd7 15.
b5 c5 16. Nxd5 Bxd5 17. Qxd5 Nf8 18. Qa2 Ne6 19. d5 Ng5 20. Rac1 Nxf3+ 21. Bxf3
Qd6 22. a4 Rad8 23. g3 h5 24. Rc4 g6 25. Rd1 1/2-1/2

[Event "15MCR_F"]
[Site "?"]
[Date "2001.??.??"]
[Round "?"]
[White "Straka, Zdenek"]
[Black "Votypka, Miroslav"]
[Result "1-0"]
[WhiteElo "2355"]
[BlackElo "2355"]
[PlyCount "69"]
[EventDate "2001.??.??"]
[EventType "corr"]
[Source "Chess Mail Ltd"]
[SourceDate "2005.07.27"]

1. d4 Nf6 2. c4 e6 3. Nf3 d5 4. Nc3 Be7 5. Bg5 O-O 6. e3 h6 7. Bh4 b6 8. cxd5
Nxd5 9. Bxe7 Qxe7 10. Nxd5 exd5 11. Rc1 Be6 12. Bd3 c5 13. O-O Nd7 14. b3 Rfd8
15. Qe2 Rac8 16. h3 Nf6 17. Rfd1 Qd6 18. dxc5 bxc5 19. e4 c4 20. e5 cxd3 21.
Qb2 Rc2 22. Rxc2 dxc2 23. Qxc2 Qe7 24. exf6 Qxf6 25. Nd4 Rc8 26. Qd2 Qg6 27.
Kf1 Qh5 28. Re1 Bd7 29. Qd3 Re8 30. Rxe8+ Bxe8 31. Qe2 Qxe2+ 32. Kxe2 Kf8 33.
Ke3 Bd7 34. Nc2 Bf5 35. Nb4 1-0

[Event "15MCR_F"]
[Site "?"]
[Date "2001.??.??"]
[Round "?"]
[White "Kadlec, Antonin"]
[Black "Hlavac, Rudolf"]
[Result "1/2-1/2"]
[WhiteElo "2375"]
[BlackElo "2350"]
[PlyCount "65"]
[EventDate "2001.??.??"]
[EventType "corr"]
[Source "Chess Mail Ltd"]
[SourceDate "2005.07.27"]

1. d4 Nf6 2. Nf3 g6 3. c4 Bg7 4. g3 O-O 5. Bg2 d5 6. cxd5 Nxd5 7. O-O Nb6 8.
Nc3 Nc6 9. e3 Re8 10. d5 Na5 11. Nd4 Bd7 12. e4 c5 13. Nf3 Nbc4 14. Qc2 b5 15.
b3 b4 16. bxc4 Bxc3 17. Bb2 Bxb2 18. Qxb2 Nxc4 19. Qc1 Bb5 20. Qh6 f6 21. Rfc1
Nd6 22. Rxc5 Qb6 23. Qe3 Nc4 24. Qd4 Rac8 25. Rxc8 Rxc8 26. Rc1 Ba6 27. Bf1 Ne5
28. Qxb6 Nxf3+ 29. Kg2 Ne1+ 30. Rxe1 Bxf1+ 31. Rxf1 axb6 32. Rb1 Rc4 33. Kf3
1/2-1/2

[Event "15MCR_F"]
[Site "?"]
[Date "2001.??.??"]
[Round "?"]
[White "Ridky, Vladimir"]
[Black "Hlavac, Rudolf"]
[Result "1/2-1/2"]
[WhiteElo "2275"]
[BlackElo "2350"]
[PlyCount "37"]
[EventDate "2001.??.??"]
[EventType "corr"]
[Source "Chess Mail Ltd"]
[SourceDate "2005.07.27"]

1. d4 Nf6 2. c4 g6 3. Nc3 d5 4. Bf4 Bg7 5. e3 O-O 6. Rc1 c5 7. dxc5 Be6 8. Nf3
Nc6 9. Be2 Ne4 10. Nd4 Nxd4 11. exd4 Nxc3 12. bxc3 dxc4 13. O-O Bd5 14. Bf3 Qd7
15. Re1 Rfe8 16. Rb1 b6 17. Be5 Bf8 18. cxb6 axb6 19. Bxd5 1/2-1/2

[Event "15MCR_F"]
[Site "?"]
[Date "2001.??.??"]
[Round "?"]
[White "Ridky, Vladimir"]
[Black "Hybl, Jaroslav"]
[Result "1/2-1/2"]
[WhiteElo "2275"]
[BlackElo "2420"]
[PlyCount "57"]
[EventDate "2001.??.??"]
[EventType "corr"]
[Source "Chess Mail Ltd"]
[SourceDate "2005.07.27"]

1. d4 Nf6 2. c4 g6 3. Nc3 d5 4. Bf4 Bg7 5. e3 c5 6. dxc5 Qa5 7. Qa4+ Qxa4 8.
Nxa4 O-O 9. Nf3 Ne4 10. cxd5 Bd7 11. c6 bxc6 12. Bc4 c5 13. Bd3 Bxa4 14. Bxe4
Nd7 15. d6 Rfe8 16. dxe7 Rxe7 17. Bd3 Bxb2 18. Rb1 Ne5 19. Bxe5 Bxe5 20. Ke2
Bc6 21. Rhc1 Bd6 22. g3 Rd8 23. Nd2 Red7 24. Rc3 Bd5 25. Bc4 Bc6 26. Rd3 Be5
27. Rxd7 Rxd7 28. Rb3 Re7 29. Rd3 1/2-1/2

[Event "15MCR_F"]
[Site "?"]
[Date "2001.??.??"]
[Round "?"]
[White "Straka, Zdenek"]
[Black "Hybl, Jaroslav"]
[Result "1/2-1/2"]
[WhiteElo "2355"]
[BlackElo "2420"]
[PlyCount "45"]
[EventDate "2001.??.??"]
[EventType "corr"]
[Source "Chess Mail Ltd"]
[SourceDate "2005.07.27"]

1. d4 Nf6 2. c4 g6 3. Nc3 d5 4. cxd5 Nxd5 5. e4 Nxc3 6. bxc3 Bg7 7. Bb5+ c6 8.
Ba4 b5 9. Bb3 b4 10. Bb2 bxc3 11. Bxc3 O-O 12. Qd2 Nd7 13. f4 Ba6 14. Nf3 e6
15. Rd1 Qe7 16. Kf2 c5 17. d5 Bxc3 18. Qxc3 c4 19. Bc2 exd5 20. Rxd5 Nb6 21.
Ra5 Bb7 22. Qe5 Qxe5 23. Rxe5 1/2-1/2

[Event "15MCR_F"]
[Site "?"]
[Date "2001.??.??"]
[Round "?"]
[White "Kadlec, Antonin"]
[Black "Svoboda, Frantisek"]
[Result "1/2-1/2"]
[WhiteElo "2375"]
[BlackElo "2420"]
[PlyCount "65"]
[EventDate "2001.??.??"]
[EventType "corr"]
[Source "Chess Mail Ltd"]
[SourceDate "2005.07.27"]

1. d4 Nf6 2. Nf3 e6 3. e3 b6 4. c4 Bb7 5. Bd3 d5 6. O-O Bd6 7. Nc3 O-O 8. b3
Nbd7 9. Bb2 a6 10. Rc1 Qe7 11. Na4 dxc4 12. bxc4 Ba3 13. Bxa3 Qxa3 14. Nc3 Qd6
15. e4 e5 16. Nd5 Rfe8 17. Re1 Rac8 18. c5 bxc5 19. Nxf6+ Qxf6 20. dxc5 Nb8 21.
Bc4 Rcd8 22. Qb3 Bc6 23. Re3 h6 24. Ne1 Qe7 25. Nd3 a5 26. Rf3 Rf8 27. Re1 Kh7
28. Qc3 f6 29. Qxa5 Rd4 30. Qc3 Rxe4 31. Rxe4 Bxe4 32. Re3 Bg6 33. Nf4 1/2-1/2

[Event "15MCR_F"]
[Site "?"]
[Date "2001.??.??"]
[Round "?"]
[White "Kadlec, Antonin"]
[Black "Spal, Milan"]
[Result "1/2-1/2"]
[WhiteElo "2375"]
[BlackElo "2425"]
[PlyCount "35"]
[EventDate "2001.??.??"]
[EventType "corr"]
[Source "Chess Mail Ltd"]
[SourceDate "2005.07.27"]

1. d4 Nf6 2. Nf3 e6 3. c4 c5 4. Nc3 cxd4 5. Nxd4 Bb4 6. g3 O-O 7. Bg2 d5 8. Qb3
Bxc3+ 9. Qxc3 e5 10. Nb3 Nc6 11. Bg5 dxc4 12. Qxc4 Be6 13. Qh4 Bxb3 14. axb3
Nd4 15. O-O Nxe2+ 16. Kh1 Nd4 17. Bxb7 Rb8 18. Be4 1/2-1/2

[Event "15MCR_F"]
[Site "?"]
[Date "2001.??.??"]
[Round "?"]
[White "Hybl, Jaroslav"]
[Black "Svoboda, Frantisek"]
[Result "1-0"]
[WhiteElo "2420"]
[BlackElo "2420"]
[PlyCount "83"]
[EventDate "2001.??.??"]
[EventType "corr"]
[Source "Chess Mail Ltd"]
[SourceDate "2005.07.27"]

1. d4 Nf6 2. c4 e6 3. Nc3 Bb4 4. Qc2 O-O 5. a3 Bxc3+ 6. Qxc3 b6 7. Bg5 Ba6 8.
e3 h6 9. Bh4 d6 10. Bd3 Nbd7 11. b4 c5 12. dxc5 Bb7 13. Nf3 bxc5 14. O-O cxb4
15. axb4 Bxf3 16. gxf3 Qc7 17. Rfc1 Rfd8 18. Be2 Rdb8 19. Ra4 Rb7 20. Bg3 Nh5
21. c5 Nxg3 22. hxg3 dxc5 23. bxc5 Ne5 24. f4 Nc6 25. Bf3 Qd7 26. Rd1 Qc8 27.
Rd6 Rc7 28. Qa3 a5 29. Rc4 Ra6 30. Qa4 Kh7 31. Qb5 g6 32. g4 Kg8 33. f5 exf5
34. gxf5 Ne5 35. Rxa6 Nxf3+ 36. Kg2 Ne5 37. fxg6 Kg7 38. gxf7 Nxc4 39. Qxc4 Qf5
40. f8=Q+ Kxf8 41. Ra8+ Ke7 42. Qg8 1-0

[Event "15MCR_F"]
[Site "?"]
[Date "2001.??.??"]
[Round "?"]
[White "Hybl, Jaroslav"]
[Black "Votypka, Miroslav"]
[Result "1/2-1/2"]
[WhiteElo "2420"]
[BlackElo "2355"]
[PlyCount "59"]
[EventDate "2001.??.??"]
[EventType "corr"]
[Source "Chess Mail Ltd"]
[SourceDate "2005.07.27"]

1. d4 Nf6 2. c4 e6 3. Nc3 Bb4 4. Qc2 O-O 5. a3 Bxc3+ 6. Qxc3 b6 7. Bg5 Bb7 8.
f3 h6 9. Bh4 d5 10. e3 Nbd7 11. cxd5 Nxd5 12. Bxd8 Nxc3 13. Bh4 Nd5 14. Bf2 c5
15. e4 Nf4 16. Bb5 Rfd8 17. Ne2 Nxe2 18. Kxe2 cxd4 19. Bxd4 Rac8 20. Rac1 Nb8
21. Rxc8 Rxc8 22. Ke3 Ba6 23. Ba4 f6 24. Rd1 e5 25. Bc3 Bc4 26. Rd6 b5 27. Bd1
Nc6 28. g3 Rc7 29. f4 Kf8 30. b4 1/2-1/2

[Event "15MCR_F"]
[Site "?"]
[Date "2001.??.??"]
[Round "?"]
[White "Vaindl, Jaroslav"]
[Black "Votypka, Miroslav"]
[Result "1-0"]
[WhiteElo "2325"]
[BlackElo "2355"]
[PlyCount "81"]
[EventDate "2001.??.??"]
[EventType "corr"]
[Source "Chess Mail Ltd"]
[SourceDate "2005.07.27"]

1. d4 Nf6 2. c4 e6 3. Nc3 Bb4 4. e3 O-O 5. Bd3 d5 6. Nf3 c5 7. O-O dxc4 8. Bxc4
Nbd7 9. a3 cxd4 10. axb4 dxc3 11. bxc3 Qc7 12. Be2 Qxc3 13. Bd2 Qc7 14. Qb1 Nd5
15. Rc1 Qb8 16. Bd3 h6 17. Qb2 a6 18. e4 Nf4 19. Bc4 Re8 20. b5 Ng6 21. Be3
Nde5 22. Nxe5 Qxe5 23. Qxe5 Nxe5 24. Be2 Rd8 25. f4 Nd7 26. Rd1 Kf8 27. Bb6 Re8
28. Bc7 Nb8 29. bxa6 Nxa6 30. Ba5 Ke7 31. Bb4+ Kf6 32. e5+ Kg6 33. Bd3+ f5 34.
exf6+ Kxf6 35. Bc3+ Kf7 36. Be5 Rf8 37. Ra3 g6 38. Be4 Re8 39. g4 Ra7 40. Rc1
b6 41. Bd3 1-0

[Event "15MCR_F"]
[Site "?"]
[Date "2001.??.??"]
[Round "?"]
[White "Kadlec, Antonin"]
[Black "Boukal, Petr"]
[Result "1/2-1/2"]
[WhiteElo "2375"]
[BlackElo "2450"]
[PlyCount "69"]
[EventDate "2001.??.??"]
[EventType "corr"]
[Source "Chess Mail Ltd"]
[SourceDate "2005.07.27"]

1. d4 Nf6 2. Nf3 g6 3. c4 Bg7 4. g3 O-O 5. Bg2 d6 6. O-O Bf5 7. Nc3 Ne4 8. Nd5
c6 9. Ne3 Bd7 10. b3 f5 11. Bb2 f4 12. Nc2 Na6 13. e3 fxg3 14. fxg3 Qa5 15. Nh4
Ng5 16. Qe1 Nh3+ 17. Bxh3 Qxe1 18. Nxe1 Bxh3 19. Rxf8+ Rxf8 20. Nd3 Bh6 21. Nf4
Bg4 22. Nhg2 g5 23. Nd3 Be2 24. Nf2 Bg7 25. Rc1 Bh5 26. Ne1 Bg6 27. Nfd3 Nc7
28. Kg2 Ne6 29. Ba3 b6 30. Nb4 Nd8 31. Ned3 Kf7 32. d5 Ke8 33. e4 Bd4 34. Re1
Kd7 35. Bc1 1/2-1/2

[Event "15MCR_F"]
[Site "?"]
[Date "2001.??.??"]
[Round "?"]
[White "Svoboda, Frantisek"]
[Black "Hala, Martin"]
[Result "1/2-1/2"]
[WhiteElo "2420"]
[BlackElo "2415"]
[PlyCount "42"]
[EventDate "2001.??.??"]
[EventType "corr"]
[Source "Chess Mail Ltd"]
[SourceDate "2005.07.27"]

1. c4 Nf6 2. Nc3 g6 3. g3 Bg7 4. Bg2 d6 5. d4 O-O 6. Nf3 Nc6 7. O-O e5 8. d5
Ne7 9. e4 Ne8 10. Ne1 f5 11. Nd3 Nf6 12. f3 c6 13. Kh1 Kh8 14. Be3 cxd5 15.
cxd5 fxe4 16. fxe4 Neg8 17. Qd2 Ng4 18. Bg5 Bf6 19. Bxf6+ N4xf6 20. Rf2 Bd7 21.
Raf1 Rc8 1/2-1/2

[Event "15MCR_F"]
[Site "?"]
[Date "2001.??.??"]
[Round "?"]
[White "Svoboda, Frantisek"]
[Black "Boukal, Petr"]
[Result "1-0"]
[WhiteElo "2420"]
[BlackElo "2450"]
[PlyCount "95"]
[EventDate "2001.??.??"]
[EventType "corr"]
[Source "Chess Mail Ltd"]
[SourceDate "2005.07.27"]

1. c4 Nf6 2. Nc3 g6 3. g3 Bg7 4. Bg2 O-O 5. d4 d6 6. Nf3 Nc6 7. O-O a6 8. d5
Na5 9. Nd2 c5 10. Qc2 Rb8 11. b3 b5 12. Bb2 e5 13. Rae1 bxc4 14. bxc4 Nh5 15.
e3 f5 16. f4 exf4 17. exf4 g5 18. Rf3 gxf4 19. gxf4 Bd7 20. Kh1 Re8 21. Ref1
Bd4 22. Rh3 Nf6 23. Nd1 Bxb2 24. Nxb2 Re7 25. Rg3+ Rg7 26. Rxg7+ Kxg7 27. Nd1
Qe7 28. Qc3 Nb7 29. Nf3 Re8 30. Re1 Qf7 31. Ne3 Kf8 32. Ng5 Qg7 33. Qxf6+ Qxf6
34. Nxh7+ Kf7 35. Nxf6 Kxf6 36. Kg1 Na5 37. Kf2 Rb8 38. Bf1 Rb2+ 39. Re2 Rb4
40. Rd2 Rb8 41. h4 Be8 42. Be2 Bg6 43. h5 Bh7 44. Bd3 Rb4 45. h6 Rb8 46. Re2
Rb4 47. Ng4+ Kf7 48. Re6 1-0

[Event "15MCR_F"]
[Site "?"]
[Date "2001.??.??"]
[Round "?"]
[White "Svoboda, Frantisek"]
[Black "Masek, Jan"]
[Result "1/2-1/2"]
[WhiteElo "2420"]
[BlackElo "2330"]
[PlyCount "96"]
[EventDate "2001.??.??"]
[EventType "corr"]
[Source "Chess Mail Ltd"]
[SourceDate "2005.07.27"]

1. c4 Nf6 2. Nc3 g6 3. Nf3 Bg7 4. g3 O-O 5. Bg2 d6 6. d4 Nbd7 7. O-O e5 8. e4
c6 9. b3 Re8 10. h3 a6 11. d5 cxd5 12. cxd5 Nc5 13. Re1 Qa5 14. Bd2 Qc7 15. b4
Ncd7 16. Rc1 Qd8 17. Rc2 Nb6 18. Be3 Bd7 19. Nd2 Rc8 20. Qb1 Nh5 21. Ne2 f5 22.
Bxb6 Qxb6 23. Nc4 Qc7 24. Ne3 Qb6 25. Nc4 Qc7 26. Rc3 Qb8 27. Nb6 Rxc3 28. Nxc3
Qc7 29. Nxd7 Qxd7 30. b5 Rc8 31. bxa6 bxa6 32. Nd1 fxe4 33. Rxe4 a5 34. Re3 Qa7
35. Rb3 Qd4 36. Ne3 Rf8 37. Qc2 Qa1+ 38. Kh2 Qe1 39. Rb2 e4 40. Qe2 Qxe2 41.
Rxe2 Nf6 42. Nc4 Nxd5 43. Nxd6 Nc3 44. Rd2 Rd8 45. Nxe4 Rd4 46. Rxd4 Bxd4 47.
Nxc3 Bxc3 48. Bd5+ Kg7 1/2-1/2

[Event "15MCR_F"]
[Site "?"]
[Date "2001.??.??"]
[Round "?"]
[White "Foukal, Zdenek"]
[Black "Kostal, Jindrich"]
[Result "1/2-1/2"]
[WhiteElo "2335"]
[BlackElo "2305"]
[PlyCount "104"]
[EventDate "2001.??.??"]
[EventType "corr"]
[Source "Chess Mail Ltd"]
[SourceDate "2005.07.27"]

1. d4 Nf6 2. c4 g6 3. Nc3 Bg7 4. e4 d6 5. h3 Nbd7 6. Nf3 e5 7. d5 Nc5 8. Qc2 a5
9. Bg5 h6 10. Be3 O-O 11. Nh2 a4 12. g4 c6 13. dxc6 bxc6 14. O-O-O Qc7 15. Bxc5
dxc5 16. a3 Be6 17. Be2 Nd7 18. Nxa4 Rfb8 19. Nf1 Qa5 20. Nc3 Nf8 21. Qd2 Qb6
22. Ne3 Bc8 23. Rdg1 Ne6 24. Bd1 Rb7 25. h4 Nd4 26. f3 Be6 27. Rg2 Rd8 28. Qe1
Ra8 29. Na4 Qa7 30. Rf2 Rab8 31. Rhh2 Nb3+ 32. Bxb3 Rxb3 33. Nc3 Qa6 34. Rc2
Bxc4 35. Nxc4 Qxc4 36. Nd1 Qe6 37. Qd2 Bf8 38. h5 g5 39. Rc3 Rd8 40. Qc2 c4 41.
Rxb3 cxb3 42. Qc3 Rd4 43. Ne3 c5 44. Rd2 Qd7 45. Kd1 Qb5 46. Rxd4 exd4 47. Qc4
Qb8 48. Nf1 Qf4 49. Ke2 Be7 50. a4 Qc7 51. Kd1 Qf4 52. Nd2 Qe3 {Odhad} 1/2-1/2

[Event "15MCR_F"]
[Site "?"]
[Date "2001.??.??"]
[Round "?"]
[White "Hybl, Vladislav"]
[Black "Omelka, Roman"]
[Result "1/2-1/2"]
[WhiteElo "2240"]
[BlackElo "2270"]
[PlyCount "50"]
[EventDate "2001.??.??"]
[EventType "corr"]
[Source "Chess Mail Ltd"]
[SourceDate "2005.07.27"]

1. d4 Nf6 2. c4 g6 3. Nc3 Bg7 4. e4 d6 5. f4 c5 6. dxc5 Qa5 7. Bd3 Qxc5 8. Nf3
Nc6 9. Qe2 Bg4 10. Be3 Qa5 11. O-O Nd7 12. Rac1 O-O 13. Qd2 Nc5 14. Bb1 Rfd8
15. h3 Bxf3 16. Rxf3 e6 17. b3 a6 18. f5 Be5 19. Ne2 Qxd2 20. Bxd2 Rac8 21.
Rcf1 Nd4 22. Nxd4 Bxd4+ 23. Kh1 Nd7 24. Bg5 Re8 25. Rd1 Be5 1/2-1/2